000 00714nam a22002297a 4500
005 20170124105930.0
010 _aB-159237
020 _a9788176297684
_c480.00
035 _aB-159237
037 _bCen Lib/Ret
040 _aDPL
_bEN
082 _a330.1
_bECO
245 _aEconomic ideas of professor A.K. Dasgupta :
_cedited by S.C. Srivatava
_ba centenary tribute /
260 _aNew Delhi
_bDeep and Deep Publications
_c2006
270 _aF-159, Rajouri Garden
_bNew Delhi
_e110027
300 _axxix,228p.
_c22cm(Hb)
500 _aIncludes index
650 _aEconomics
_985636
650 _aEconomic history
_96496
700 _aSrivatava, S.C.
_97946
942 _2ddc
_cEN
_h330.1
_mECO
999 _c123761
_d123761